| Tag |
First Indicator |
Second Indicator |
Subfields |
| LEADER |
00000cam a2200000Ia 4500 |
| 001 |
in00002546830 |
| 005 |
20210727090150.0 |
| 006 |
m d |
| 007 |
cr cn| |
| 008 |
091230s2009 gw a sb 001 0 eng d |
| 020 |
|
|
|a 3642045146
|
| 020 |
|
|
|a 9783642045141
|
| 035 |
|
|
|a (OCoLC)495479065
|
| 035 |
|
|
|a (OCoLC)ocn495479065
|
| 035 |
|
|
|a 3649281
|
| 037 |
|
|
|a 978-3-642-04513-4
|b Springer
|n http://www.springerlink.com
|
| 040 |
|
|
|a GW5XE
|b eng
|c GW5XE
|d UtOrBLW
|
| 041 |
0 |
|
|a eng
|
| 049 |
|
|
|a TXAC
|
| 050 |
1 |
4 |
|a TJ217.5
|b .E96 2009
|
| 082 |
0 |
4 |
|a 006.3
|2 22
|
| 245 |
0 |
0 |
|a Evolutionary design of intelligent systems in modeling, simulation and control /
|c Oscar Castillo, Witold Pedrucz, and Janusz Kacprzyk (eds.).
|
| 264 |
|
1 |
|a Berlin :
|b Springer,
|c [2009]
|
| 264 |
|
4 |
|c ©2009
|
| 300 |
|
|
|a ix, 327 unnumbered pages :
|b illustrations ;
|c 24 cm.
|
| 336 |
|
|
|a text
|b txt
|2 rdacontent
|
| 337 |
|
|
|a computer
|b c
|2 rdamedia
|
| 338 |
|
|
|a online resource
|b cr
|2 rdacarrier
|
| 490 |
1 |
|
|a Studies in computational intelligence,
|x 1860-949X ;
|v v. 257
|
| 500 |
|
|
|a Electronic resource.
|
| 504 |
|
|
|a Includes bibliographical references and author index.
|
| 533 |
|
|
|a Electronic reproduction.
|b New York :
|c Springer,
|d 2009.
|n Mode of access: World Wide Web.
|n System requirements: Web browser.
|n Title from title screen (viewed on Dec. 8, 2009).
|n Access may be restricted to users at subscribing institutions.
|
| 650 |
|
0 |
|a Fuzzy systems.
|0 http://id.loc.gov/authorities/subjects/sh85052628
|
| 650 |
|
0 |
|a Intelligent control systems.
|0 http://id.loc.gov/authorities/subjects/sh88003681
|
| 650 |
|
0 |
|a Pattern recognition systems.
|0 http://id.loc.gov/authorities/subjects/sh85098791
|
| 650 |
|
0 |
|a Soft computing.
|0 http://id.loc.gov/authorities/subjects/sh96004789
|
| 655 |
|
7 |
|a Electronic books.
|2 local
|
| 700 |
1 |
|
|a Castillo, Oscar,
|d 1959-
|e editor.
|0 http://id.loc.gov/authorities/names/n00016400
|
| 700 |
1 |
|
|a Kacprzyk, Janusz,
|e editor.
|0 http://id.loc.gov/authorities/names/n85191529
|
| 700 |
1 |
|
|a Pedrycz, Witold,
|d 1953-
|e editor.
|0 http://id.loc.gov/authorities/names/n88231332
|
| 710 |
2 |
|
|a SpringerLink (Online service)
|0 http://id.loc.gov/authorities/names/no2005046756
|
| 776 |
1 |
|
|c Original
|z 9783642045134
|z 3642045138
|w (DLC) 2009937149
|w (OCoLC)436030886
|
| 830 |
|
0 |
|a Studies in computational intelligence ;
|v v. 257.
|0 http://id.loc.gov/authorities/names/no2005104439
|
| 856 |
4 |
0 |
|u http://proxy.library.tamu.edu/login?url=https://dx.doi.org/10.1007/978-3-642-04514-1
|z Connect to the full text of this electronic book
|t 0
|
| 994 |
|
|
|a 92
|b TXA
|
| 999 |
|
|
|a MARS
|
| 999 |
f |
f |
|s bb73d3ea-e38a-3e5f-b654-18a06af46a21
|i c8ce6390-1daf-37f1-8b70-566988bea571
|t 0
|
| 952 |
f |
f |
|a Texas A&M University
|b College Station
|c Electronic Resources
|d Available Online
|t 0
|e TJ217.5 .E96 2009
|h Library of Congress classification
|
| 998 |
f |
f |
|a TJ217.5 .E96 2009
|t 0
|l Available Online
|